Statistics for Five Northernmost Countries by Continent

Click here to take the quiz!

General Stats

  • This quiz has been taken 2,499 times
  • The average score is 27 of 29

Answer Stats

ContinentCountry% Correct
North AmericaCanada
99%
EuropeNorway
99%
Europe/AsiaRussia
99%
North AmericaUnited States
99%
AfricaEgypt
98%
EuropeFinland
98%
EuropeSweden
98%
AfricaAlgeria
97%
EuropeIceland
97%
North AmericaMexico
97%
AfricaMorocco
97%
AfricaTunisia
96%
South AmericaColombia
95%
AfricaLibya
95%
AsiaMongolia
95%
South AmericaVenezuela
94%
AsiaChina
93%
North AmericaCuba
93%
AsiaKazakhstan
93%
South AmericaBrazil
92%
South AmericaGuyana
92%
South AmericaSuriname
92%
North AmericaBahamas
89%
OceaniaFed. States Micronesia
83%
OceaniaPalau
82%
OceaniaMarshall Islands
81%
OceaniaKiribati
80%
OceaniaNauru
80%
AsiaUzbekistan
75%

Score Distribution

Percentile by Number Answered

Percent of People with Each Score

Your Score History

You have not taken this quiz